| 000 | 00640nam a2200241Ia 4500 | ||
|---|---|---|---|
| 003 | OSt | ||
| 005 | 20221007101140.0 | ||
| 006 | a|||||r|||| 00| 0 | ||
| 007 | ta | ||
| 008 | 221006b |||||||| |||| 00| 0 eng d | ||
| 024 | _a5,931 | ||
| 037 | _cTextual | ||
| 040 |
_aLCO _cLCO _beng |
||
| 041 |
_2eng _aeng |
||
| 082 | _aV72,3:3, K7 | ||
| 100 |
_aKORNBER G ALLAN _9702655 |
||
| 245 | 0 | _aCanadian Legislative Behavior. | |
| 260 |
_aN. _bY. Halt, Rinehart & Winston _c1967 |
||
| 300 | _a166 | ||
| 650 |
_aLEGISLATIVE BEHAVIOR _9702656 |
||
| 942 |
_hV72,3:3, K7 _cTEXL |
||
| 999 |
_c1175494 _d1175494 |
||